000 01008nam a22003137a 4500
001 BR2012003302
003 BR-BrBNA
005 20230928103958.0
007 ta
008 230509b bl.||||| |||| 00| 0 por d
040 _aBR-BrBNA
_bpor
_cBiblioteca Nacional de Agricultura
041 _a(Por)
072 _aL70
_b4076
_b4110
090 _ 4076 BR2012003302
100 1 _aLima, C.G.R.D.
110 1 _aUniversidade Federal de Minas Gerais, Belo Horizonte (Brasil). Escola de Veterinára
_0Tese (Mestre em Ciência Animal)
245 1 _aPadronização do teste de potência de toxóide alfa de Clostridium novyi tipo B em linhagem contínua de célula
260 3 _aBelo Horizonte, MG (Brasil):
_c2009.
300 _a28 p.
500 _aSummaries (Eng, Por); 40 ref.
650 _aCAMUNDONGO
650 _aVACINA
650 _aANIMAL DE LABORATÓRIO
650 _aCULTURA DE CÉLULA
650 _aTOXINA
650 _aENTEROTOXEMIA
909 _a202309
_bLucia
_c55
_dLucia Elande
942 _cBK
999 _c77525
_d77525